Lo que piensan los estudiantes virtuales en Colombia sobre el bienestar universitario /

Bibliographic Details
Main Author: Argüelles Pabón, Denise Caroline (Author)
Format: Electronic eBook
Language:Spanish
Published: Bogotá, D.C. : Universidad EAN : Institución Universitaria Politécnico Grancolombiano : Fundación Universitaria del Área Andina, 2019.
Subjects:
Online Access:Digitalia Hispánica

MARC

LEADER 00000nam a2200000 i 4500
001 DIGUEAN0009
003 NyNyDIG
006 m o d
007 cr |||||||||||
008 240104s2019 ck a ob 000 0 spa d
035 |a (OCoLC)1419044704 
040 |a DGITA  |b eng  |e rda  |e pn  |c DGITA 
020 |a 9789587566093  |q eBook 
020 |z 9789587566192 
043 |a s-ck--- 
050 1 4 |a LC5808.C7 ebook 
100 1 |a Argüelles Pabón, Denise Caroline,  |e author. 
245 1 0 |a Lo que piensan los estudiantes virtuales en Colombia sobre el bienestar universitario /  |c Denise Caroline Argüelles Pabón [and 4 others]. 
264 1 |a Bogotá, D.C. :  |b Universidad EAN :  |b Institución Universitaria Politécnico Grancolombiano :  |b Fundación Universitaria del Área Andina,  |c 2019. 
300 |a 1 online resource :  |b illustrations. 
336 |a text  |b txt  |2 rdacontent 
337 |a computer file  |b c  |2 rdamedia 
338 |a online resource  |b cr  |2 rdacarrier 
347 |a text file  |2 rdaft 
347 |b PDF 
504 |a Includes bibliographical references. 
588 0 |a Online resource; title from PDF title page (Digitalia, viewed January 4, 2024) 
650 0 |a Distance education  |z Colombia. 
650 0 |a Internet in higher education  |z Colombia. 
650 0 |a Education, Higher  |x Social aspects  |z Colombia. 
776 0 8 |i Print version:  |a Argüelles Pabón, Denise Caroline.  |t Lo que piensan los estudiantes virtuales en Colombia sobre el bienestar universitario.  |d Bogotá, D.C. : Universidad EAN : Institución Universitaria Politécnico Grancolombiano : Fundación Universitaria del Área Andina, 2019  |z 9789587566192 
791 2 |a Digitalia (Firm),  |e distributor. 
793 0 |g Digitalia eBook Collection:  |a Universidad EAN 
856 4 0 |3 Digitalia Hispánica  |u https://www.digitaliapublishing.com/a/133036/ 
910 |a Premium collection: 2024